000 00564nam a2200169Ia 4500
008 090201s9999 xx 000 0 und d
010 _aKPL-41399
040 _bमराठी
041 _aमराठी
082 _a34443
_b41399
100 _aभीमराव कुलकर्णी
245 _aखेकडे आणि खेकडी
_cभीमराव कुलकर्णी
260 _c2004
_bसुरेश एजन्सी
300 _a150
_bमोठा
600 _aखेकडे आणि खेकडी
942 _cBOOK
999 _c232636
_d232636